00752nam a2200205Ia 4500008004100000020001800041050002800059100002100087245006700108250001200175260004000187300002100227500005100248521000800299650003500307650003800342942001200380999001900392952013500411140429s9999 xx 000 0 und d a9789381460085 aTX 911.3.F5b.P884 2013 aPrakash, Jayanti aHospitality revenue and finance management /cJayanti Prakash. a1st ed. aNew Delhi :bCentrum Press,cc2013. a248 p. :c23 cm. aIncludes bibliographical references and index. aTOU aHospitality industryxFinance. aHospitality industryxManagement. kFORcBK c115630d115630 001040aCLbCLcRESd2014-04-29eLibrary Fundl1oTX 911.3.F5 .P884 2013pC16942r2018-05-15 00:00:00s2017-09-25w2014-04-29yBK